Responses for show #8439 - Thursday, July 8, 2021

Champion's winnings & consolation amounts matched to Odyssey Atlanta.

Contestants

[<< previous game]

Jen Jazwinski, an early literacy librarian from Algonquin, Illinois

Ellen McKeeman, a retired nursing staffing coordinator from Newport, Oregon

Nikole Villanueva, a direct service provider from Cedar Rapids, Iowa (whose 1-day cash winnings total $23,300)

[next game >>]

Jeopardy! Round responses

A MOMENT OF SCIENCE
GETTING CLOCK WISE
COMPLETES THE IDIOM
STATE LICENSE PLATES
MICHAEL JORDAN
& I TOOK THAT PERSONALLY
    $200 18
botany

Jen
    $200 11
a grandfather clock

Jen
    $200 1
go home

Nikole
    $200 3
Indiana

Nikole
    $200 17
Nike

Ellen
    $200 16
Hamlet

Nikole
    $400 19
Jupiter

Jen
    $400 12
cuckoo clocks

Nikole
    $400 2
bearing gifts

Ellen
    $400 7
Maine

Jen
    $400 27
North Carolina

Ellen
    $400 23
Alaska

Ellen
    $600 20
tin

Jen
    $600 13
chess

Nikole
    $600 4
left the building

Jen
    $600 8
green

Jen
    $600 28
(Steph) Curry

Jen
    $600 24
Ted Turner

Ellen
    $800 21
electrons

Ellen
    $800 14
quartz

Jen
    $800 5
sliced bread

Jen
    $3,400 9
Yosemite

Jen
    $800 29
steals

Nikole
    $800 25
Jackson Pollock

Nikole
    $1000 22
thermodynamics

Jen
    $1000 15
(Ellen: What is Orléans?)
(Jen: What is Orleans?)

Rouen

EllenJen
Triple Stumper
    $1000 6
a dilemma

Jen
    $1000 10
New Mexico

Nikole
    $1000 30
the Washington Wizards

Nikole
    $1000 26
Samson

Jen

Scores at the first commercial break (after clue 15):

Nikole Ellen Jen
$2,400 -$600 $6,800

Scores at the end of the Jeopardy! Round:

Nikole Ellen Jen
$5,200 $1,800 $10,600

Double Jeopardy! Round responses

FIRST NOVELS
WORDS WITH ALL 5 VOWELS
THE AMERICAN REVOLUTION
TV SPIN-OFFS
(Sanjay: You're gonna give us the parent series there.)
21st CENTURY MONARCHIES
"BR"ANDS
    $400 3
(Roald) Dahl

Jen
    $400 18
unsportsmanlike

Ellen
    $400 24
Florida

Jen
    $400 8
The Big Bang Theory

Nikole
    $400 16
Japan

Triple Stumper
    $400 1
Bridgestone

Nikole
    $800 4
The Pickwick Papers

Jen
    $800 19
simultaneously

Jen
    $800 25
Sam Adams

Jen
    $800 2
Happy Days

Jen
    $800 17
Grace Kelly

Jen
    $800 9
Breyers

Jen
    $1200 5
(Jen: Who is Ginsberg?)

Jack Kerouac

Jen
Triple Stumper
    $1200 20
resuscitation

Nikole
    $1200 26
gamecock

Triple Stumper
    $1200 13
Arrow

Jen
    $1200 23
a sultan

Jen
    $1200 10
Braun

Nikole
    $1600 6
Vonnegut

Jen
    $1600 21
aeronautical

Ellen
    $3,000 27
Ethan Allen

Jen
    $1600 14
The Closer

Jen
    $1600 29
(Ellen: I knew that.)
[Laughter]
(Sanjay: Just a little late.)

Lesotho

Triple Stumper
    $1600 11
the Brooks Brothers

Nikole
    $5,000 7
Go Tell It On the Mountain

Jen
    $2000 22
a documentarian

Nikole
    $2000 28
Saratoga

Ellen
    $2000 15
21 Jump Street

Nikole
    $2000 30
(Jen: Who is Beatrix?)

Margrethe

Jen
Triple Stumper
    $2000 12
Brylcreem

Nikole

Scores at the end of the Double Jeopardy! Round:

Nikole Ellen Jen
$16,000 $5,800 $26,600

[wagering suggestions for these scores]

Final Jeopardy! Round responses

MUSICAL LANDMARKS
(Sanjay: [To Ellen] "[*], cleft for me, let me hide myself in Thee".)
EllenWhat is Rock of Ages?
$5,799
NikoleWhat is Amazing Grace?
$4,000
JenWhat is The Solid Rock Rock of Ages
$15,401
"Rock Of Ages"

Final scores:

Nikole Ellen Jen
$12,000 $11,599 $42,001
2nd place: $2,000 3rd place: $1,000 New champion: $42,001

Game dynamics:

Coryat scores:

Nikole Ellen Jen
$16,000 $5,800 $19,600
17 R,
0 W
9 R,
1 W
28 R
(including 3 DDs),
3 W

Combined Coryat: $41,400

The J! Archive is created by fans, for fans. The Jeopardy! game show and all elements thereof, including but not limited to copyright and trademark thereto, are the property of Jeopardy Productions, Inc. and are protected under law. This website is not affiliated with, sponsored by, or operated by Jeopardy Productions, Inc. Join the discussion at JBoard.tv.